The modern preacher and the ancient text : (Record no. 9589)

MARC details
000 -LEADER
fixed length control field 01987cam a2200373 a 4500
001 - CONTROL NUMBER
control field 18352011
003 - CONTROL NUMBER IDENTIFIER
control field OCoLC
005 - DATE AND TIME OF LATEST TRANSACTION
control field 20241126110715.0
008 - FIXED-LENGTH DATA ELEMENTS--GENERAL INFORMATION
fixed length control field 880719s1988 miua b 001 0 eng
010 ## -
-- 88024046
020 ## - INTERNATIONAL STANDARD BOOK NUMBER
International Standard Book Number 0802803601
020 ## - INTERNATIONAL STANDARD BOOK NUMBER
International Standard Book Number 9780802803603
020 ## - INTERNATIONAL STANDARD BOOK NUMBER
International Standard Book Number 085111573X
020 ## - INTERNATIONAL STANDARD BOOK NUMBER
International Standard Book Number 9780851115733
035 ## - SYSTEM CONTROL NUMBER
System control number (OCoLC)18352011
Canceled/invalid control number (OCoLC)59240301
040 ## - CATALOGING SOURCE
Original cataloging agency DLC
Language of cataloging eng
Transcribing agency DLC
Modifying agency BAKER
-- BTCTA
-- YDXCP
-- OCLCG
-- HNW
-- DEBBG
-- BDX
-- SGB
-- OCLCQ
050 00 -
-- BS534.5
-- .G74 1988
082 00 - DEWEY DECIMAL CLASSIFICATION NUMBER
Classification number 251
Edition information 19
Item number GRE
092 0# - LOCALLY ASSIGNED DEWEY CALL NUMBER (OCLC)
Classification number 251
Item number G8241
100 1# - MAIN ENTRY--PERSONAL NAME
Personal name Greidanus, Sidney,
Dates associated with a name 1935-
9 (RLIN) 15860
245 14 - TITLE STATEMENT
Title The modern preacher and the ancient text :
Remainder of title interpreting and preaching biblical literature /
Statement of responsibility, etc. by Sidney Greidanus.
260 ## - PUBLICATION, DISTRIBUTION, ETC.
Place of publication, distribution, etc. Grand Rapids, Mich. :
Name of publisher, distributor, etc. Eerdmans,
Date of publication, distribution, etc. 1988.
300 ## - PHYSICAL DESCRIPTION
Extent xvi, 374 pages :
Other physical details illustrations ;
Dimensions 23 cm
336 ## - CONTENT TYPE
Content type term text
Content type code txt
Source rdacontent
337 ## - MEDIA TYPE
Media type term unmediated
Media type code n
Source rdamedia
338 ## - CARRIER TYPE
Carrier type term volume
Carrier type code nc
Source rdacarrier
500 ## - GENERAL NOTE
General note Includes indexes.
504 ## - BIBLIOGRAPHY, ETC. NOTE
Bibliography, etc. note Includes bibliographical references (pages 342-364).
505 0# - FORMATTED CONTENTS NOTE
Formatted contents note Biblical preaching -- Historical foundations -- Literary interpretation -- Historical interpretation -- Theological interpretation -- Textual-thematic preaching -- The form of the sermon -- The relevance of the sermon -- Preaching Hebrew narratives -- Preaching prophetic literature -- Preaching the Gospels -- Preaching the Epistles.
520 ## - SUMMARY, ETC.
Summary, etc. A fusion of biblical hermeneutics and homiletics, this thorough and well-researched book offers a holistic contemporary approach to the interpretation and preaching of biblical texts, using all the scholarly tools available and focusing especially on literary features. Greidanus develops hermeneutical and homiletical principles and then applies them to four specific genres: Hebrew narratives, prophetic literature, the Gospels, and the Epistles. - Publisher.
630 00 - SUBJECT ADDED ENTRY--UNIFORM TITLE
Uniform title Bible
General subdivision Homiletical use.
9 (RLIN) 1148
650 #0 - SUBJECT ADDED ENTRY--TOPICAL TERM
Topical term or geographic name entry element Preaching.
9 (RLIN) 404
942 ## - ADDED ENTRY ELEMENTS (KOHA)
Source of classification or shelving scheme Dewey Decimal Classification
Koha item type Books
Holdings
Withdrawn status Lost status Source of classification or shelving scheme Damaged status Not for loan Home library Current Library Shelving location Date acquired Total checkouts Full call number Barcode Date last seen Copy number Price effective from Koha item type
    Dewey Decimal Classification     GRACE BIBLE COLLEGE GRACE BIBLE COLLEGE Ministry & Mission 2023-03-21   251 GRE 016062 2025-05-01 c.1 2023-03-21 Books
© Grace Bible College Library 2025